الحماية الجنائية للشهود "دراسة مقارنة" / (Record no. 67573)
[ view plain ]
| 000 -LEADER | |
|---|---|
| fixed length control field | 04615nam a2200433 4500 |
| 003 - CONTROL NUMBER IDENTIFIER | |
| control field | EG-GICUC |
| 005 - أخر تعامل مع التسجيلة | |
| control field | 20260330133617.0 |
| 008 - FIXED-LENGTH DATA ELEMENTS--GENERAL INFORMATION | |
| fixed length control field | 260330s2025 ua ||||fr|||| 000 0 ara d |
| 040 ## - CATALOGING SOURCE | |
| Original cataloguing agency | EG-GICUC |
| Transcribing agency | EG-GICUC |
| Modifying agency | EG-GICUC |
| Description conventions | rda |
| Language of cataloging: | ara |
| 041 0# - LANGUAGE CODE | |
| Language code of text/sound track or separate title | ara |
| Language code of sung or spoken text | ara |
| Language code of summary or abstract | ara |
| 049 ## - Acquisition Source | |
| Acquisition Source | إهداء |
| 082 04 - DEWEY DECIMAL CLASSIFICATION NUMBER | |
| Classification number | 343.11224 |
| Edition number | 21 |
| 097 ## - Degree | |
| Degree | Ph.D |
| 099 ## - LOCAL FREE-TEXT CALL NUMBER (OCLC) | |
| Local Call Number | Law 10 PHD 2025 |
| 100 0# - MAIN ENTRY--PERSONAL NAME | |
| Authority record control number or standard number | مصطفي عبدالله أبو زيد عبدالرحمن |
| Preparation | مؤلف. |
| 245 10 - TITLE STATEMENT | |
| Title | الحماية الجنائية للشهود "دراسة مقارنة" / |
| Statement of responsibility, etc. | إعداد مصطفي عبدالله أبو زيد عبدالرحمن؛ إشراف الأستاذ الدكتور أحمد عوض بلال. |
| 264 #0 - PRODUCTION, PUBLICATION, DISTRIBUTION, MANUFACTURE, AND COPYRIGHT NOTICE | |
| Place of production, publication, distribution, manufacture | القاهرة : |
| Name of producer, publisher, distributor, manufacturer | كلية الحقوق - جامعة القاهرة, |
| Date of production, publication, distribution, manufacture, or copyright notice | 2025. |
| 300 ## - PHYSICAL DESCRIPTION | |
| Extent | 485 صفحة : |
| Dimensions | 25 سم. |
| 336 ## - CONTENT TYPE | |
| Content type term | text |
| Source | rda content |
| 337 ## - MEDIA TYPE | |
| Media type term | Computer |
| Source | rda media |
| 338 ## - CARRIER TYPE | |
| Carrier type term | Online Resource |
| Source | rda carrier |
| 502 ## - DISSERTATION NOTE | |
| Dissertation note | أطروحة (دكتوراة)-جامعة االقاهرة، كلية الحقوق، قسم القانون الجنائي، 2025. |
| 504 ## - BIBLIOGRAPHY, ETC. NOTE | |
| Bibliography, etc. note | يشتمل على إرجاعات بيبليوجرافية: 438-477 |
| 520 3# - SUMMARY, ETC. | |
| Summary, etc. | تكتسب الشهادة أهمية بالغة لإثبات الجرائم والإرشاد عن وقوعها والوصول إلى مرتكبها، والمثل في كثر من الأحيان الخليل الوحيد لاثبات الفعل الإجرامي، وأكثر الوسائل فاعلية في الشهار الطفيلة، لذلك كان من الواجب توفير الحماية اللازمة للشهود تشجيعا لهم على الإدلاء بشهادتهم وقول الحقيقة كاملة وغير ملوحة<br/><br/>وبرز موضوع حماية الشهود فهو من الموضوعات الهامة التي لها دور فعال في نظام الحالة الجنائية ومدى تطورها، فالشاهد يعتبر المساعد الأول للعدالة ، حيث يكمن دوره في تقديم المعلومات والأدلة التي من شائعا اثبات الجرائم ولفيها وتحقيق العدالة ومعاقبة المحرمين ، وهذا ما ف يعرض الشاهد المخاطر إلى عدم تقديم شهادته وذلك خوفا على أمنه وسلامته، وأفراد عائلته أيضا عديدة تجعله في الغالب عرضة للخطر والأذى في نفسه وماله وأقاربه من بطش الجناة ومن شأنها أن عليه<br/><br/>ولذلك تعتبر الحماية الجنائية للشهود من الأهداف الرئيسة للسياسة الجنائية المعاصرة حيث تؤكد العديد من الاتفاقيات الدولية على توفير أنظمة متكاملة لحماية الشهود وغيرهم من المتعاونين مع العدالة، ولم لحظ حماية الشهود بالاهتمام التشريعي الكافي في مصر.<br/><br/>وانطلاقا مما سبق يرى الباحث أهمية حماية الشهود بوصفها غاية تسعى السياسة الجنائية المعاصرة الإقرارها، وإرساء دعائمها؛ لما فيها من فائدة المرفق الحالة الذي سيتمكن من ملاحقة الجناة بشكل أكثر فعالية، مما يمكنه من الدفاع عن المجتمع بإنزال العقوبة بهم، فضلا عن منح المتعاونين مع العدالة، وبخاصة الشهود المهددون الحماية التي يستحقونها لتعاونهم مع العدالة وعدم تعرضهم للخطر. |
| 650 04 - SUBJECT ADDED ENTRY--TOPICAL TERM | |
| Topical term or geographic name entry element | القانون الجنائي |
| 653 #0 - INDEX TERM--UNCONTROLLED | |
| Uncontrolled term | الأهداف الرئيسة للسياسة الجنائية المعاصرة الشهود المهددون |
| 653 #0 - INDEX TERM--UNCONTROLLED | |
| Uncontrolled term | تقديم المعلومات والأدلة |
| 653 #0 - INDEX TERM--UNCONTROLLED | |
| Uncontrolled term | نظام العدالة الجنائية ومدى تطورها |
| 653 #0 - INDEX TERM--UNCONTROLLED | |
| Uncontrolled term | قول الحقيقة كاملة وغير منقوصة |
| 653 #0 - INDEX TERM--UNCONTROLLED | |
| Uncontrolled term | الدليل الوحيد لإثبات الفعل الإجرامي الإدلاء بشهادتهم |
| 653 #0 - INDEX TERM--UNCONTROLLED | |
| Uncontrolled term | الحماية اللازمة للشهود |
| 655 #4 - INDEX TERM--GENRE/FORM | |
| Genre/form data or focus term | رسائل جامعية |
| Geographic subdivision | جامعة القاهرة |
| 700 0# - ADDED ENTRY--PERSONAL NAME | |
| Personal name | أحمد عوض بلال |
| Relator term | مشرف. |
| 710 2# - ADDED ENTRY--CORPORATE NAME | |
| Corporate name or jurisdiction name as entry element | جامعة القاهرة |
| Subordinate unit | كلية الحقوق |
| 856 ## - ELECTRONIC LOCATION AND ACCESS | |
| Uniform Resource Identifier | <a href="https://fll.law.cu.edu.eg/fulltext/th/T10-04340.pdf">https://fll.law.cu.edu.eg/fulltext/th/T10-04340.pdf</a> |
| 900 ## - Thesis Information | |
| Grant date | 2025 |
| Universities | جامعة القاهرة |
| Faculties | كلية الحقوق |
| Department | قسم القانون الجنائي |
| 905 ## - Cataloger and Reviser Names | |
| Cataloger Name: | Hoda |
| 942 ## - ADDED ENTRY ELEMENTS (KOHA) | |
| Source of classification or shelving scheme | Dewey Decimal Classification |
| Suppress in OPAC | No |
| Koha item type | Thesis |
| Edition | 21 |
| Source of classification or shelving scheme | Collection | Home library | Current library | Date acquired | Full call number | Barcode | Date last seen | Copy number | Effective from | Koha item type |
|---|---|---|---|---|---|---|---|---|---|---|
| Dewey Decimal Classification | القانون الجنائي | جــــامعة القــاهرة | مكتبة كلية الحقوق - المبنى الرئيسي | 30.03.2026 | Law1 10 PHD 2025 1004340 C1 | T10-04340 | 30.03.2026 | 1 | 30.03.2026 | Thesis |
| Dewey Decimal Classification | القانون الجنائي | جــــامعة القــاهرة | مكتبة كلية الحقوق - المبنى الرئيسي | 30.03.2026 | Law1 10 PHD 2025 1004341 C2 | T10-04341 | 30.03.2026 | 2 | 30.03.2026 | Thesis |
| Dewey Decimal Classification | القانون الجنائي | جــــامعة القــاهرة | مكتبة كلية الحقوق - فـرع الشيخ زايد | 30.03.2026 | Law2 10 PHD 2025 1004342 C3 | T10-04342 | 30.03.2026 | 3 | 30.03.2026 | Thesis |